Vplyv vybraných faktorov na informačné zdroje pre finančnú analýzu podniku dizertačná práca

Salvato in:
Dettagli Bibliografici
Autore principale: Hvastová, Jozefína, 1969-
Ente Autore: Ekonomická univerzita v Bratislave. Podnikovohospodárska fakulta so sídlom v Košiciach
Altri autori: Štangová, Nora
Natura: Libro
Lingua:slovacco
Pubblicazione: Košice 2006
Soggetti:
Tags: Aggiungi Tag
Nessun Tag, puoi essere il primo ad aggiungerne!!

MARC

LEADER 00000nam$a2200000$$$4500
001 0048311
005 20220726083551.5
041 0 |a slo 
044 |a SK 
245 1 0 |a Vplyv vybraných faktorov na informačné zdroje pre finančnú analýzu podniku  |b dizertačná práca  |c Jozefína Hvastová ; školiteľ: Nora Štangová 
264 1 |a Košice  |c 2006 
300 |a 142 s. 
610 2 0 |a analýza finančná 
610 2 0 |a riadenie podnikové 
610 2 0 |a inflácia 
610 2 0 |a oceňovanie 
100 1 |a Hvastová, Jozefína, 1969- 
700 1 |a Štangová, Nora 
710 2 |a Ekonomická univerzita v Bratislave. Podnikovohospodárska fakulta so sídlom v Košiciach